Sports Quiz

Random Sports or Football Quiz

Baltimore Ravens First Round Draft Picks Quiz Stats

 Plays Quiz not verified by Sporcle

Also try: NFL Leaders (2014)
Challenge
Share
Tweet
Embed
Score 0/16 Timer 05:00
0 Plays Today
Year Player Taken % Correct
2008Joe Flacco
98.8%
1996 (2)Ray Lewis
98.3%
2000 (1)Jamal Lewis
96.5%
2001Todd Heap
94.2%
2003 (2)Kyle Boller
91.9%
2002Ed Reed
90.2%
2003 (1)Terrell Suggs
89.6%
2009Michael Oher
89.6%
Year Player Taken % Correct
1996 (1)Johnathan Ogden
89%
2006Haloti Ngata
85.5%
2005Mark Clayton
82.1%
1997Peter Boulware
64.2%
2007Ben Grubbs
61.8%
1999Chris McAlister
58.4%
2000 (2)Travis Taylor
49.1%
1998Duane Starks
42.8%

You're not logged in!

Compare scores with friends on all Sporcle quizzes.
Join for Free
OR
Log In

You Might Also Like...

Show Comments

Extras

Top Quizzes Today


Score Distribution

Your Account Isn't Verified!

In order to create a playlist on Sporcle, you need to verify the email address you used during registration. Go to your Sporcle Settings to finish the process.

Report this User

Report this user for behavior that violates our Community Guidelines.

Details: